01498 a2200229 45000010003000000050017000030080041000200030015000610400040000760800083001162450027001990200022002262500011002482640032002593000023002915050771003140410008010851000017010937000020011107000021011308560117011519420260407155409.0260407a2004 arg spa dAR-UNSa-BCEJYS aAR-UNSa-BCEJYSbspacAR-UNSa-BCEJYS a658.15xAdministración financiera privada. Gestión financiera de empresas 10aDirección Financiera a978-84-481-4281-0 a2a. ed 1aMadrid :bMcGraw-Hillc2004 axii, 493 p.c27 cm a1. Introducción - 2. El análisis financiero - 3. Previsión,planificación y presupuestos financieros - 4. La gestión del capital circulante - 5. La financiación a corto plazo - 6. El valor temporal del dinero - 7. El riesgo, el rendimiento y la valoración - 8. La presupuestación de capitales (y el arrendamiento) - 9. La presupuestación de capitales bajo riesgo - 10. El coste del capital - 11. El apalancamiento y la estructura de capitales - 12. La política de dividendos - 13. Préstamo a plazo y arrendamientos - 14. El endeudamiento a largo plazo - 15. Acciones preferentes y ordinarias - 16. Warrants, convertibles, opciones y futuros - 17. Fusiones y adquisiciones - 18. La quiebra y la reorganización - 19. Las finanzas internacionales aspa1 aShim, Jae K.1 aSiegel, Joel G.1 aFlamini, Esteban41uhttps://biblioeco.unsa.edu.ar/pmb/images/libros/Direccion financiera2-l116715.jpgyImagen de portadaqimage/jpeg